| 000 | 00752nam a2200217 4500 | ||
|---|---|---|---|
| 003 | OSt | ||
| 005 | 20221111191957.0 | ||
| 008 | 221111b |||||||| |||| 00| 0 eng d | ||
| 020 | _a952 90 4962 5 | ||
| 040 | _cBiblioteca Lado V | ||
| 082 |
_a750 _bJ16a |
||
| 100 |
_9410 _aJacobi, Frans _ecurador |
||
| 245 |
_aZOOM/ _bPrimera Subasta Privada de Fotografía Contemporánea en Guatemala/ |
||
| 260 |
_bConsultores de Arte, S.A. _c2009 _aGuatemala |
||
| 300 |
_a112p. _c21x28cm |
||
| 650 |
_2Tesauro de Arte & Arquitectura _aFOTOGRAFIA |
||
| 650 |
_2Tesauro de Arte & Arquitectura _aSUBASTA |
||
| 650 |
_2Tesauro de Arte & Arquitectura _aARTE GUATEMALTECO |
||
| 700 |
_aTomren, Anders _ecurador |
||
| 942 |
_2ddc _c1 _h750 _iG245z _n0 |
||
| 999 |
_c2619 _d2619 |
||